000 00279nam a22001217a 4500
005 20170530113404.0
008 170530b xxu||||| |||| 00| 0 eng d
041 _aeng
100 _aCOTTON, H (ED.)
_93863
245 _aELECTRICAL EQUIPMENT IN MINES
300 _a446
942 _cBK
999 _c5459
_d5457